Online katalóg knižníc regiónu Turca

Košútky ; (Record no. 21382)

MARC details
000 -LEADER
fixed length control field 01014nam a2200277 i 4500
001 - CONTROL NUMBER
control field 21382
003 - CONTROL NUMBER IDENTIFIER
control field CZ PrNK
005 - DATE AND TIME OF LATEST TRANSACTION
control field 20260228121647.0
007 - PHYSICAL DESCRIPTION FIXED FIELD--GENERAL INFORMATION
fixed length control field ta
008 - FIXED-LENGTH DATA ELEMENTS--GENERAL INFORMATION
fixed length control field 240328s1930 xr ||| | cze
040 ## - CATALOGING SOURCE
Original cataloging agency ABA001
Language of cataloging cze
Description conventions rda
100 1# - MAIN ENTRY--PERSONAL NAME
Personal name Kukučín, Martin,
Dates associated with a name 1860-1928
Relationship aut
245 10 - TITLE STATEMENT
Title Košútky ;
Remainder of title Klbká ; Rozmajrínový mládnik
264 #1 - PRODUCTION, PUBLICATION, DISTRIBUTION, MANUFACTURE, AND COPYRIGHT NOTICE
Place of production, publication, distribution, manufacture V Turčianskom Sv. Martine :
Name of producer, publisher, distributor, manufacturer vydala Matica Slovenská,
Date of production, publication, distribution, manufacture, or copyright notice 1930
300 ## - PHYSICAL DESCRIPTION
Extent 347 stran ;
Dimensions 19 cm
336 ## - CONTENT TYPE
Content type term text
Content type code txt
Source rdacontent
337 ## - MEDIA TYPE
Media type term bez média
Media type code n
Source rdamedia
338 ## - CARRIER TYPE
Carrier type term svazek
Carrier type code nc
Source rdacarrier
490 1# - SERIES STATEMENT
Series statement Sobrané spisy Martina Kukučína ;
Volume/sequential designation sväzok XXIII.
501 ## - WITH NOTE
With note Obsahuje přívazek: Komasácia : obraz zo slovenskej dediny v štyroch dejstvách ; Bacúchovie dvor : obraz z dediny v troch dejstvách / Martin Kukučín
Institution to which field applies CZ-PrNK
740 02 - ADDED ENTRY--UNCONTROLLED RELATED/ANALYTICAL TITLE
Uncontrolled related/analytical title Klbká
740 02 - ADDED ENTRY--UNCONTROLLED RELATED/ANALYTICAL TITLE
Uncontrolled related/analytical title Rozmajrínový mládnik
800 1# - SERIES ADDED ENTRY--PERSONAL NAME
Personal name Kukučín, Martin,
Dates associated with a name 1860-1928.
Title of a work Sobrané spisy (Matica Slovenská)
910 ## - USER-OPTION DATA (OCLC)
User-option data ABA001
942 ## - ADDED ENTRY ELEMENTS (KOHA)
Source of classification or shelving scheme Dewey Decimal Classification
Koha item type Krásna literatúra pre dospelých
Suppress in OPAC No
Holdings
Stav vyradenia Strata Poškodenie Spôsob nadobudnutia Domovská knižnica Aktuálna knižnica Dátum nadobudnutia Total checkouts Čiarový kód exemplára Date last seen Typ exemplára
      Dar Obecná knižnica Horná Štubňa Obecná knižnica Horná Štubňa 28.02.2026   4736201560 28.02.2026 Krásna literatúra pre dospelých
Projekt je podporený Slovenskou asociáciou knižníc
Prevádzkuje Turčianska knižnica Martin 2026